000 00681ntaaa2200217 4500
003 01
005 20251027202137.0
008 0714s1973 ag 01
040 _aAR-BaBN
_bspa
_cAR-BaBN
_eaacr
_dRIC
082 _a262.0600 H86
245 _aBaptist concepts of the church
250 _a1 ed.
260 _aChicago :
_bJudson Press,
_cc1959
300 _a236 p
500 _a"Conceptos bautistas de la iglesia"Bosquejo de acontecimientos históricos y teológicos los cuales han producido cambios en la iglesia
650 _abautista-eclesiología
650 _aeclesiología-bautista
650 _alandmarkism
_919911
700 _aHudson, Winthrop Still
_91574
942 _cBK
999 _c16356
_d16356